000 01469nam a22002535a 4500
003 OSt
005 20170311143956.0
008 170309s2013 ua frb 000 0 ara d
015 _a2013 / 10876
020 _a9789770473245
040 _aEG-ScBUE
_bara
_cEG-ScBUE
043 _aa-ts---
082 0 4 _a346.53570922
_bع ب د
_222
100 1 _aعبد التواب، أحمد إبراهيم.
245 1 0 _aطبيعة التحكيم في المنازعات الناشئة عن تداول الأوراق المالية والسلع :
_bطبقا لقرار مجلس إدارة هيئة الأوراق المالية والسلع بدولة الإمارات العربية المتحدة رقم 1 لسنة 2001 والمعدل بقرار رئيس الهيئة رقم 35/و لسنة 2008 : دراسة مقارنة على ضوء آراء الفقه وأحكام القضاء المحلي لإمارة أبو ظبي /
_cأحمد إبراهيم عبد التواب.
260 _aالقاهرة :
_bدار النهضة العربية،
_c2013.
300 _a304 ص. ؛
_c24 سم.
504 _aيشتمل على إرجاعات ببليوجرافية.
650 7 _aالأوراق المالية
_xقوانين وتشريعات
_zالإمارات العربية المتحدة.
_2BUEsh
650 7 _aالتحكيم (قانون المرافعات)
_zالإمارات العربية المتحدة.
_2BUEsh
651 _2BUEsh
653 _bLLAAWW
_cMarch2017
942 _2ddc
999 _c24373
_d24345